Broadway Shared Names Quiz Stats

 Plays Quiz not verified by Sporcle

Challenge
Share
Tweet
Embed
Score 0/19 Timer 10:00
0 Plays Today
Character #1 Shared Name % Correct
DoolittleEliza
77.3%
BowlesSally
76.1%
Forbush Nellie
75%
CalhounBill
72.7%
Sarah Brown
62.5%
GaleDorothy
58%
BigelowBilly
52.3%
TomCollins
52.3%
HarcourtHope
51.1%
NowackGeorg
50%
Character #1 Shared Name % Correct
Leonowens Anna
45.5%
MarchMeg
40.9%
CableJoe
34.1%
AlvarezRose
34.1%
StrongBobby
30.7%
BrownCharlie
29.5%
DickinsonJohn
26.1%
JimmySmith
18.2%
RamsayEdward
13.6%

You're not logged in!

Compare scores with friends on all Sporcle quizzes.
Join for Free
OR
Log In

You Might Also Like...

Show Comments

Extras

Created Mar 17, 2013ReportNominate
Tags:Broadway Quiz, character, last, shared

Top Quizzes Today


Score Distribution

Your Account Isn't Verified!

In order to create a playlist on Sporcle, you need to verify the email address you used during registration. Go to your Sporcle Settings to finish the process.

Report this User

Report this user for behavior that violates our Community Guidelines.

Details: